| 000 | 01140pam a2200313 i 4500 | ||
|---|---|---|---|
| 001 | 1775642 | ||
| 003 | OSt | ||
| 005 | 20220406112420.0 | ||
| 008 | 770824s1978 nyua 001 0 eng | ||
| 010 | _a 77014409 | ||
| 020 | _a0070008515 | ||
| 040 |
_aDLC _cHU _dDLC |
||
| 050 | 0 | 0 |
_aS494.5.A4 _bA4 |
| 082 | 0 | 0 | _a630/.711 AMB 1978 |
| 100 | 1 |
_aAmberson, Max L. _935318 |
|
| 245 | 1 | 0 |
_aLearning through experience in agricultural industry / _cMax L. Amberson, B. Harold Anderson. |
| 260 |
_aNew York : _bGregg Division, McGraw-Hill, _cc1978. |
||
| 300 |
_aviii, 152 p. : _bill. ; _c24 cm. |
||
| 490 | 0 | _aCareer preparation for agriculture/agribusiness | |
| 500 | _aIncludes index. | ||
| 650 | 0 |
_aAgriculture _xVocational guidance. _935319 |
|
| 650 | 0 |
_aAgricultural industries _xVocational guidance. _935320 |
|
| 650 | 0 |
_aAgriculture _xStudy and teaching (Secondary) _935321 |
|
| 650 | 0 |
_aAgricultural industries _xStudy and teaching (Secondary) _935322 |
|
| 650 | 0 |
_aEducation, Cooperative. _935323 |
|
| 700 | 1 |
_aAnderson, Benard Harold, _d1935- _935324 |
|
| 906 |
_a7 _bcbc _corignew _d1 _eocip _f19 _gy-gencatlg |
||
| 942 |
_2ddc _cBOOKS _n0 |
||
| 999 |
_c34454 _d34454 |
||